|
|
|
|
| LEADER |
02040nam a22003853i 4500 |
| 001 |
EBC30882408 |
| 003 |
MiAaPQ |
| 005 |
20240729202206.0 |
| 006 |
m o d | |
| 007 |
cr cnu|||||||| |
| 008 |
240729s2023 xx o ||||0 eng d |
| 020 |
|
|
|a 9789180753203
|q (electronic bk.)
|
| 020 |
|
|
|z 9789180753197
|
| 035 |
|
|
|a (MiAaPQ)EBC30882408
|
| 035 |
|
|
|a (Au-PeEL)EBL30882408
|
| 035 |
|
|
|a (OCoLC)1409704025
|
| 040 |
|
|
|a MiAaPQ
|b eng
|e rda
|e pn
|c MiAaPQ
|d MiAaPQ
|
| 100 |
1 |
|
|a Mubder, Abd Alla Ali Mubder.
|
| 245 |
1 |
0 |
|a Just-In-Time Arrival in Port Calls :
|b Potential and Implementation.
|
| 250 |
|
|
|a 1st ed.
|
| 264 |
|
1 |
|a Linköping :
|b Linkopings Universitet,
|c 2023.
|
| 264 |
|
4 |
|c {copy}2023.
|
| 300 |
|
|
|a 1 online resource (112 pages)
|
| 336 |
|
|
|a text
|b txt
|2 rdacontent
|
| 337 |
|
|
|a computer
|b c
|2 rdamedia
|
| 338 |
|
|
|a online resource
|b cr
|2 rdacarrier
|
| 490 |
1 |
|
|a Linköping Studies in Science and Technology. Licentiate Thesis Series ;
|v v.1974
|
| 505 |
0 |
|
|a Intro -- ABSTRACT -- SVENSK SAMMANFATTNING -- LIST OF PAPERS -- KEY TERMS AND ABBREVIATIONS -- ACKNOWLEDGEMENTS -- TABLE OF CONTENTS -- 1. INTRODUCTION -- 2. FRAME OF REFERENCE -- 3. RESEARCH METHODOLOGY -- 4. SUMMARY OF APPENDED PAPERS -- 5. FINDINGS -- 6. DISCUSSION AND CONCLUSION -- REFERENCES -- Papers -- APPENDIX 1 BIMCO'S CLAUSES -- APPENDIX 2 - INTERVIEW GUIDE.
|
| 588 |
|
|
|a Description based on publisher supplied metadata and other sources.
|
| 590 |
|
|
|a Electronic reproduction. Ann Arbor, Michigan : ProQuest Ebook Central, 2024. Available via World Wide Web. Access may be limited to ProQuest Ebook Central affiliated libraries.
|
| 655 |
|
4 |
|a Electronic books.
|
| 776 |
0 |
8 |
|i Print version:
|a Mubder, Abd Alla Ali Mubder
|t Just-In-Time Arrival in Port Calls
|d Linköping : Linkopings Universitet,c2023
|z 9789180753197
|
| 797 |
2 |
|
|a ProQuest (Firm)
|
| 830 |
|
0 |
|a Linköping Studies in Science and Technology. Licentiate Thesis Series
|
| 856 |
4 |
0 |
|u https://ebookcentral.proquest.com/lib/matrademy/detail.action?docID=30882408
|z Click to View
|